[Event "Tournoi francophone 001 Groupe D"]
[Site "Skype"]
[Date "????.??.??"]
[Round "7.3"]
[White "Hargez, Dany"]
[Black "Vervoort, Jean-Louis"]
[Result "1-0"]
[WhiteElo "1361"]
[BlackElo "1293"]
[PlyCount "87"]

1. e4 e5 2. Nf3 Nc6 3. d4 d6 4. d5 Nb4 5. c3 c6 6. dxc6 Nxc6 7. Bb5 Nf6 8. Bg5
Be7 9. Bxf6 Bxf6 10. Qd5 O-O 11. Bxc6 bxc6 12. Qxc6 Qd7 13. Qc4 Bb7 14. Nbd2
Rac8 15. Qe2 Rc6 16. O-O Rfc8 17. c4 Ba6 18. b3 R8c7 19. Rac1 Qc8 20. Rc3 Be7
21. a3 g6 22. Qe3 Kf8 23. Rfc1 Ke8 24. b4 Bb7 25. c5 a6 26. Nb3 dxc5 27. bxc5
a5 28. Nxe5 Re6 29. Nd3 Rxe4 30. Qd2 Qg4 31. f3 Qf5 32. Nf2 Re6 33. Nd4 Qf6 34.
Nxe6 Qxe6 35. Qd3 Rd7 36. Qb5 Bxf3 37. gxf3 Qf5 38. Qxa5 h5 39. Qb5 Bh4 40. Qc6
Ke7 41. Re3+ Kd8 42. Qa8+ Kc7 43. c6 Qf4 44. cxd7+ 1-0

[Event "Tournoi francophone 001 Groupe D"]
[Site "Skype"]
[Date "????.??.??"]
[Round "7.4"]
[White "Tamditi, Ibrahim"]
[Black "Lecluyse, Koenraad"]
[Result "1-0"]
[WhiteElo "1296"]
[BlackElo "1299"]
[PlyCount "73"]

1. e4 e5 2. Bc4 Nf6 3. Nf3 Nc6 4. Ng5 d5 5. exd5 Nxd5 6. Nxf7 Kxf7 7. Qf3+ Qf6
8. Bxd5+ Ke7 9. Bxc6 Qxf3 10. Bxf3 Bf5 11. d3 Rd8 12. O-O Kd7 13. Bxb7 g5 14.
Bxg5 h6 15. Bxd8 Kxd8 16. Nc3 Rg8 17. Kh1 h5 18. Rfe1 Bd6 19. Nb5 Bg4 20. Nxa7
h4 21. h3 Bf5 22. Nc6+ Kd7 23. Nxe5+ Kd8 24. Nf7+ Kd7 25. Nh6 Rf8 26. a4 Bc5
27. d4 Bxd4 28. Rad1 c5 29. c3 Kc7 30. cxd4 Kxb7 31. dxc5 Rf6 32. Re7+ Ka6 33.
Rd6+ Rxd6 34. cxd6 Bc8 35. d7 Bxd7 36. Rxd7 Ka5 37. f4 1-0

[Event "Tournoi francophone 001 Groupe D"]
[Site "Skype"]
[Date "????.??.??"]
[Round "7.5"]
[White "Blaevoet, Rebecca"]
[Black "Farfallini, Michel"]
[Result "0-1"]
[WhiteElo "1273"]
[BlackElo "1278"]
[PlyCount "60"]

1. e4 e5 2. Nf3 Nc6 3. Nc3 Nf6 4. Bc4 Bc5 5. O-O O-O 6. d3 Na5 7. Nxe5 Nxc4 8.
Nxc4 d5 9. Bg5 dxc4 10. dxc4 Bd6 11. Qf3 Bg4 12. Qd3 Bh5 13. h3 Qe7 14. Rae1
Rad8 15. Re3 Bh2+ 16. Kxh2 Rxd3 17. cxd3 Qe5+ 18. Rg3 Rd8 19. Nd5 Bg6 20. Rc1
Ng4+ 21. hxg4 Qxg5 22. Nxc7 Qxc1 23. b3 Qf4 24. Nd5 Qxf2 25. Ne7+ Kf8 26. Nxg6+
hxg6 27. Rh3 Kg8 28. a4 Qf4+ 29. Rg3 Rxd3 30. Kh3 Qxg3# 0-1

[Event "Tournoi francophone 001 Groupe D"]
[Site "Skype"]
[Date "????.??.??"]
[Round "8.1"]
[White "Gerbaux, Regis"]
[Black "Farfallini, Michel"]
[Result "0-1"]
[WhiteElo "1363"]
[BlackElo "1278"]
[PlyCount "26"]

1. e4 e5 2. Nf3 Nc6 3. Bc4 Bc5 4. Ng5 Qxg5 5. Qf3 d6 6. Qxf7+ Kd8 7. Qf8+ Kd7
8. Nc3 Qxg2 9. Rf1 Nd4 10. Kd1 b6 11. f4 Bb7 12. Qf7+ Ne7 13. fxe5 Rhf8 0-1

[Event "Tournoi francophone 001 Groupe D"]
[Site "Skype"]
[Date "????.??.??"]
[Round "8.2"]
[White "Lecluyse, Koenraad"]
[Black "Blaevoet, Rebecca"]
[Result "1-0"]
[WhiteElo "1299"]
[BlackElo "1273"]
[PlyCount "47"]

1. d4 Nf6 2. e3 d5 3. Nf3 e6 4. Bd3 Bb4+ 5. c3 Ba5 6. O-O O-O 7. Nbd2 Nc6 8. e4
Qe7 9. Re1 dxe4 10. Bxe4 Nxe4 11. Nxe4 Bd7 12. Bg5 Qe8 13. Qd3 h6 14. Nc5 Nb8
15. Bf4 Qe7 16. Ne5 Rd8 17. Qg3 Bb5 18. Bxh6 g6 19. Nxb7 Rd5 20. Nxa5 Na6 21.
Bg5 Qd6 22. Bf6 Kf8 23. Qh4 Rxe5 24. Qh8# 1-0

[Event "Tournoi francophone 001 Groupe D"]
[Site "Skype"]
[Date "????.??.??"]
[Round "8.3"]
[White "Vervoort, Jean-Louis"]
[Black "Tamditi, Ibrahim"]
[Result "0-1"]
[WhiteElo "1293"]
[BlackElo "1296"]
[PlyCount "36"]

1. d4 e5 2. d5 e4 3. c4 Nf6 4. Nc3 Bb4 5. Bg5 Bxc3+ 6. bxc3 O-O 7. Bxf6 Qxf6 8.
e3 Qxc3+ 9. Ke2 Qxc4+ 10. Ke1 Qc3+ 11. Ke2 d6 12. Rc1 Qa5 13. h3 Nd7 14. Qc2
Qxd5 15. Qxc7 Nc5 16. Rd1 Qxa2+ 17. Rd2 Qc4+ 18. Ke1 Nd3+ 0-1

[Event "Tournoi francophone 001 Groupe D"]
[Site "Skype"]
[Date "????.??.??"]
[Round "8.4"]
[White "Martin, Jean-Claude"]
[Black "Hargez, Dany"]
[Result "1-0"]
[WhiteElo "1307"]
[BlackElo "1361"]
[PlyCount "67"]

1. d4 d5 2. c4 e6 3. Nc3 Bb4 4. a3 Bxc3+ 5. bxc3 Nc6 6. Nf3 Nf6 7. Bg5 O-O 8.
e3 h6 9. Bf4 Ne4 10. Qc2 Re8 11. Bd3 f5 12. O-O Qf6 13. Be5 Nxe5 14. Nxe5 Ng5
15. f4 Ne4 16. cxd5 exd5 17. c4 c6 18. c5 Be6 19. Bxe4 fxe4 20. Rab1 Re7 21.
Rb2 h5 22. Qb1 Rb8 23. Nxc6 Rc7 24. Nxb8 Qf8 25. Rxb7 Rc8 26. Nd7 Qe7 27. Rxa7
Bxd7 28. Qb7 Rd8 29. Qxd5+ Kf8 30. Rb1 Qe8 31. Rbb7 Bf5 32. Qf7+ Qxf7 33. Rxf7+
Ke8 34. Rae7# 1-0

[Event "Tournoi francophone 001 Groupe D"]
[Site "Skype"]
[Date "????.??.??"]
[Round "8.5"]
[White "Lequeux, Pierre"]
[Black "Milanese, Serge"]
[Result "1-0"]
[WhiteElo "1226"]
[BlackElo "1342"]
[PlyCount "73"]

1. e4 e5 2. Nf3 Nf6 3. Nxe5 d6 4. Nf3 Nxe4 5. Qe2 Bf5 6. Nc3 d5 7. Qb5+ Nd7 8.
Qxd5 Bg6 9. Nxe4 Nf6 10. Nxf6+ Qxf6 11. Qxb7 Qe6+ 12. Be2 Be4 13. Qb5+ Bc6 14.
Qe5 Qxe5 15. Nxe5 Bxg2 16. Rg1 Bb7 17. Bb5+ Ke7 18. b3 c5 19. Ba3 Ke6 20. Nd7
Bd6 21. Nxc5+ Kf6 22. Bb2+ Kf5 23. Nxb7 Be5 24. Bxe5 Kxe5 25. Nc5 Rac8 26. Nd3+
Kd4 27. O-O-O Rc7 28. Rg4+ Kd5 29. c4+ Kd6 30. Rd4+ Ke7 31. Re1+ Kf6 32. b4 Re7
33. Rxe7 Kxe7 34. Rd7+ Kf6 35. Rxa7 Rd8 36. c5 Rd4 37. c6 1-0

[Event "Tournoi francophone 001 Groupe D"]
[Site "Skype"]
[Date "????.??.??"]
[Round "9.1"]
[White "Milanese, Serge"]
[Black "Gerbaux, Regis"]
[Result "1-0"]
[WhiteElo "1342"]
[BlackElo "1363"]
[PlyCount "47"]

1. e4 e5 2. Nf3 Nf6 3. Nc3 c6 4. Bc4 h6 5. d3 Bc5 6. O-O O-O 7. Na4 d5 8. Nxc5
dxc4 9. dxc4 b6 10. Nd3 Bb7 11. Nfxe5 Nbd7 12. Bf4 Nxe4 13. f3 f6 14. Ng4 f5
15. fxe4 fxg4 16. Qxg4 Nf6 17. Qe6+ Kh7 18. e5 Qd4+ 19. Kh1 Ng4 20. Qxg4 Rae8
21. Rae1 Bc8 22. e6 Rf6 23. Qh5 Bxe6 24. Qxe8 1-0

[Event "Tournoi francophone 001 Groupe D"]
[Site "Skype"]
[Date "????.??.??"]
[Round "9.2"]
[White "Hargez, Dany"]
[Black "Lequeux, Pierre"]
[Result "0-1"]
[WhiteElo "1361"]
[BlackElo "1226"]
[PlyCount "46"]

1. e4 e6 2. d4 d5 3. e5 c5 4. Nf3 h6 5. Bf4 Ne7 6. dxc5 Ng6 7. Bg3 Bxc5 8. Bb5+
Bd7 9. Bd3 Bb4+ 10. c3 Be7 11. Bxg6 fxg6 12. Qd3 Kf7 13. Qd4 g5 14. h4 Nc6 15.
Qg4 Qg8 16. h5 Rf8 17. Nbd2 Ke8 18. Nd4 Nxd4 19. Qxd4 b6 20. O-O-O Bc5 21. Qa4
Bxa4 22. Rhf1 Bxd1 23. Rxd1 Bxf2 0-1

[Event "Tournoi francophone 001 Groupe D"]
[Site "Skype"]
[Date "????.??.??"]
[Round "9.3"]
[White "Tamditi, Ibrahim"]
[Black "Martin, Jean-Claude"]
[Result "0-1"]
[WhiteElo "1296"]
[BlackElo "1307"]
[PlyCount "24"]

1. e4 e5 2. Bc4 Nf6 3. Nf3 Nc6 4. Ng5 d5 5. Bxd5 Nxd5 6. Nxf7 Kxf7 7. Qf3+ Nf6
8. O-O Nd4 9. Qd3 Bc5 10. Qc4+ Ne6 11. Nc3 Ng4 12. b4 Bxf2+ 0-1

[Event "Tournoi francophone 001 Groupe D"]
[Site "Skype"]
[Date "????.??.??"]
[Round "9.4"]
[White "Blaevoet, Rebecca"]
[Black "Vervoort, Jean-Louis"]
[Result "0-1"]
[WhiteElo "1273"]
[BlackElo "1293"]
[PlyCount "48"]

1. e4 e5 2. Nf3 Nc6 3. Bc4 h6 4. d4 exd4 5. Nxd4 Bc5 6. Qf3 Nf6 7. Nxc6 bxc6 8.
b3 O-O 9. Bb2 d6 10. O-O Ng4 11. Qg3 d5 12. Rd1 Bxf2+ 13. Qxf2 Nxf2 14. Kxf2
Qh4+ 15. g3 Qxh2+ 16. Kf3 dxc4 17. bxc4 Qxc2 18. Rd2 Qa4 19. Nc3 Qxc4 20. Rh1
Ba6 21. g4 Rad8 22. Rdd1 Rd3+ 23. Kf4 g5+ 24. Kf5 Qe6# 0-1

[Event "Tournoi francophone 001 Groupe D"]
[Site "Skype"]
[Date "????.??.??"]
[Round "9.5"]
[White "Farfallini, Michel"]
[Black "Lecluyse, Koenraad"]
[Result "0-1"]
[WhiteElo "1278"]
[BlackElo "1299"]
[PlyCount "50"]

1. e4 e5 2. Nf3 Nc6 3. Bc4 Nf6 4. Ng5 d5 5. exd5 Nxd5 6. Qf3 f6 7. Nf7 Kxf7 8.
Bxd5+ Be6 9. Bxe6+ Kxe6 10. O-O Bc5 11. c3 Qd5 12. Qg4+ Kf7 13. Qd1 Rhe8 14.
Qc2 g6 15. d3 e4 16. dxe4 Rxe4 17. Rd1 Qf5 18. Qb3+ Ke8 19. Rf1 b6 20. Nd2 Re2
21. Nf3 Ne5 22. Nd4 Bxd4 23. cxd4 Ng4 24. Be3 Qh5 25. Rae1 Qxh2# 0-1